| 000 | 00385nam a2200145Ia 4500 | ||
|---|---|---|---|
| 008 | 150128s9999 xx 000 0 und d | ||
| 020 | _a0451525884 | ||
| 050 |
_aCLA _bAu7p 1989 |
||
| 100 | _aAusten, Jane. | ||
| 245 | _aPride and prejudice / | ||
| 250 | _aJane Austen. | ||
| 260 |
_aNew York: _bSignet Classics Books, _c1989. |
||
| 300 |
_a324 pages : _c18 cm. |
||
| 650 | _xFiction. | ||
| 999 |
_c278870 _d278870 |
||